000 01405cam a22002891i 4500
003 SA-RiAUC
005 20241011155036.0
008 241007s2004 le g 000 0 ara c
040 _aSA-JeALM
_bara
_cSA-RiAUC
_erda
082 0 4 _a232.8
090 _a232.8
_bص ف ي
100 1 _aصفي الدين البخاري، محمد بن أحمد بن محمد،
_d1154-1200 هجري
_eمؤلف.
245 1 2 _aالعروس المجلية في أسانيد المسلسل بالأولية /
_cصفي الدين محمد بن أحمد النجاري الأثري ؛ تخريج العلامة محمد مرتضى الزبيدي ؛ تحقيق محمد بن ناصر العجمي.
250 _aالطبعة الأولى.
264 1 _aبيروت :
_bدار البشائر الإسلامية،
_c2000
300 _a48 صفحة.
336 _aنص
_btxt
_2rdacontent
_3كتاب
337 _aبدون وسيط
_bn
_2rdamedia
338 _aمجلد
_bnc
_2rdacarrier
490 0 _aلقاء العشرة الآواخر بالمسجد الحرام ؛
_v2
650 7 _aالحديث المسلسل
_2aucsh
650 7 _aالحديث
_xإسناد
_2aucsh
700 1 _aمرتضى الزبيدي، محمد بن محمد بن محمد،
_d1145-1205 هجري
_eمخرج أحاديث.
700 1 _aالعجمي، محمد بن ناصر
_eمحقق.
942 _2ddc
_cBOOK
_n0
949 _aSA-JeALM
_d241007
_umohamedma123
_n1
999 _c1185
_d1185